Методы контроля динамически нагруженных элементов подвижного состава при ремонте и в эксплуатации на основе комплексного использования тензометрии и акустической эмиссии: автореферат диссертации на соискание ученой степени доктора технических наук; спец. 05.11.13

Bibliographische Detailangaben
1. Verfasser: Бехер С. А. Сергей Алексеевич
Körperschaft: Сибирский государственный университет путей сообщения (СГУПС)
Weitere Verfasser: Степанова Л. Н. Людмила Николаевна (научный консультант)
Zusammenfassung:Заглавие с титульного экрана
Электронная версия печатной публикации
Sprache:Russisch
Veröffentlicht: Томск, 2017
Schlagworte:
Online-Zugang:http://earchive.tpu.ru/handle/11683/41303
Format: Elektronisch Buch
KOHA link:https://koha.lib.tpu.ru/cgi-bin/koha/opac-detail.pl?biblionumber=333725

MARC

LEADER 00000nlm0a2200000 4500
001 333725
005 20231102004602.0
035 |a (RuTPU)RU\TPU\book\359738 
035 |a RU\TPU\book\353216 
090 |a 333725 
100 |a 20170623d2017 k y0rusy50 ca 
101 0 |a rus 
102 |a RU 
105 |a a dm 000zy 
135 |a drcn ---uucaa 
181 0 |a i  
182 0 |a b 
200 1 |a Методы контроля динамически нагруженных элементов подвижного состава при ремонте и в эксплуатации на основе комплексного использования тензометрии и акустической эмиссии  |b Электронный ресурс  |e автореферат диссертации на соискание ученой степени доктора технических наук  |e спец. 05.11.13  |f С. А. Бехер  |g Сибирский государственный университет путей сообщения (СГУПС) ; науч. конс. Л. Н. Степанова 
203 |a Текст  |c электронный 
210 |a Томск  |d 2017 
215 |a 1 файл (2 859 Kb) 
230 |a Электронные текстовые данные (1 файл : 2 859 Kb) 
300 |a Заглавие с титульного экрана 
300 |a Электронная версия печатной публикации 
452 1 |0 (RuTPU)RU\TPU\book\362612  |t Методы контроля динамически нагруженных элементов подвижного состава при ремонте и в эксплуатации на основе комплексного использования тензометрии и акустической эмиссии  |o автореферат диссертации на соискание ученой степени доктора технических наук  |o спец. 05.11.13  |f С. А. Бехер  |g Сибирский государственный университет путей сообщения (СГУПС) ; науч. конс. Л. Н. Степанова  |c Томск  |n [Б. и.]  |d 2017  |p 35 с.  |a Бехер, Сергей Алексеевич 
606 1 |a Подвижной состав  |x Технические характеристики  |x Контроль  |2 stltpush  |3 (RuTPU)RU\TPU\subj\71639  |9 85455 
610 1 |a электронный ресурс 
610 1 |a авторефераты диссертаций 
610 1 |a методы контроля 
610 1 |a нагруженные элементы 
610 1 |a подвижные составы 
610 1 |a комплексное использование 
610 1 |a тензометрия 
610 1 |a акустическая эмиссия 
610 1 |a железнодорожный транспорт 
610 1 |a автоматизированные методы 
610 1 |a неразрушающий контроль 
610 1 |a дефекты 
610 1 |a детали 
610 1 |a грузовые вагоны 
610 1 |a акустико-эмиссионные сигналы 
610 1 |a диагностические сигналы 
675 |a 629.4(04)  |v 4 
686 |a 05.11.13  |2 oksvnk 
700 1 |a Бехер  |b С. А.  |g Сергей Алексеевич 
702 1 |a Степанова  |b Л. Н.  |g Людмила Николаевна  |4 695 
712 0 2 |a Сибирский государственный университет путей сообщения (СГУПС)  |c (Новосибирск)  |2 stltpush  |3 (RuTPU)RU\TPU\col\140 
801 2 |a RU  |b 63413507  |c 20180109  |g RCR 
856 4 |u http://earchive.tpu.ru/handle/11683/41303 
942 |c CF